000 00329nam a2200145Ia 4500
005 20251222153548.0
008 251222s9999||||xx |||||||||||||| ||spa||
020 _a9683909647
082 _a823.3/W48/1993
100 _aWest, Morris
245 0 _aEl Abogado del Diablo
250 _a1ra.ed.
264 _bAltaya
942 _cLIB
999 _c30721
_d30721